Movies Quiz

Random Movies or Cast Quiz

Ingmar Bergman Films cast Quiz Stats

 Plays Quiz not verified by Sporcle

Challenge
Share
Tweet
Embed
Score 0/300 Timer 15:00
0 Plays Today
Hint Answer % Correct
Summer with Monika (1953)Harriet Andersson
91.7%
Sawdust and Tinsel (1953)Harriet Andersson
91.7%
A Lesson in Love (1954)Harriet Andersson
91.7%
Dreams (1955)Harriet Andersson
91.7%
Smiles of a Summer Night (1955)Harriet Andersson
91.7%
The Seventh Seal (1957)Bibi Andersson
91.7%
Wild Strawberries (1957)Bibi Andersson
91.7%
Brink of Life (1958)Bibi Andersson
91.7%
The Devil's Eye (1960)Bibi Andersson
91.7%
Through a Glass Darkly (1961)Harriet Andersson
91.7%
All These Women (1964)Bibi Andersson
91.7%
All These Women (1964)Harriet Andersson
91.7%
Persona (1966)Bibi Andersson
91.7%
The Passion of Anna (1969)Bibi Andersson
91.7%
The Touch (1971)Bibi Andersson
91.7%
Cries and Whispers (1972)Harriet Andersson
91.7%
Scenes from a Marriage (1973) (TV)Bibi Andersson
91.7%
Smiles of a Summer Night (1955)Bibi Andersson
91.7%
The Magician (1958)Bibi Andersson
91.7%
Fanny and Alexander (1982)Harriet Andersson
91.7%
The Blessed Ones (1986) (TV)Harriet Andersson
91.7%
The Seventh Seal (1957)Max Von Sydow
89.6%
Wild Strawberries (1957)Max Von Sydow
89.6%
Brink of Life (1958)Max Von Sydow
89.6%
The Magician (1958)Max Von Sydow
89.6%
Through a Glass Darkly (1961)Max Von Sydow
89.6%
Winter Light (1963)Max Von Sydow
89.6%
Hour of the Wolf (1968)Max Von Sydow
89.6%
Hour of the Wolf (1968)Liv Ullmann
89.6%
Shame (1968)Liv Ullmann
89.6%
Shame (1968)Max Von Sydow
89.6%
The Passion of Anna (1969)Max Von Sydow
89.6%
The Passion of Anna (1969)Liv Ullmann
89.6%
The Touch (1971)Max Von Sydow
89.6%
Cries and Whispers (1972)Liv Ullmann
89.6%
Scenes from a Marriage (1973) (TV)Liv Ullmann
89.6%
Face to Face (1976)Liv Ullmann
89.6%
The Serpent's Egg (1977)Liv Ullmann
89.6%
Autumn Sonata (1978)Liv Ullmann
89.6%
Persona (1966)Liv Ullmann
89.6%
The Virgin Spring (1960)Max Von Sydow
89.6%
Saraband (2003)Liv Ullmann
89.6%
Autumn Sonata (1978)Ingrid Bergman
77.1%
The Rite (1969) (TV)Ingmar Bergman
75%
Fanny and Alexander (1982)Anna Bergman
72.9%
Wild Strawberries (1957)Ingrid Thulin
68.8%
Brink of Life (1958)Ingrid Thulin
68.8%
The Magician (1958)Ingrid Thulin
68.8%
Winter Light (1963)Ingrid Thulin
68.8%
The Silence (1963)Ingrid Thulin
68.8%
Hour of the Wolf (1968)Erland Josephson
68.8%
Hour of the Wolf (1968)Ingrid Thulin
68.8%
The Rite (1969) (TV)Ingrid Thulin
68.8%
The Passion of Anna (1969)Erland Josephson
68.8%
Cries and Whispers (1972)Ingrid Thulin
68.8%
Scenes from a Marriage (1973) (TV)Erland Josephson
68.8%
Face to Face (1976)Erland Josephson
68.8%
The Magician (1958)Erland Josephson
68.8%
Cries and Whispers (1972)Erland Josephson
68.8%
Autumn Sonata (1978)Erland Josephson
68.8%
Fanny and Alexander (1982)Erland Josephson
68.8%
After the Rehearsal (1984) (TV)Erland Josephson
68.8%
After the Rehearsal (1984) (TV)Ingrid Thulin
68.8%
In the Presence of a Clown (1997) (TV)Erland Josephson
68.8%
Saraband (2003)Erland Josephson
68.8%
Music in Darkness (1948)Gunnar Bjornstrand
64.6%
Secrets of Women (1952)Gunnar Bjornstrand
64.6%
Sawdust and Tinsel (1953)Gunnar Bjornstrand
64.6%
A Lesson in Love (1954)Gunnar Bjornstrand
64.6%
Dreams (1955)Gunnar Bjornstrand
64.6%
Smiles of a Summer Night (1955)Gunnar Bjornstrand
64.6%
The Seventh Seal (1957)Gunnar Bjornstrand
64.6%
Wild Strawberries (1957)Gunnar Bjornstrand
64.6%
The Magician (1958)Gunnar Bjornstrand
64.6%
Through a Glass Darkly (1961)Gunnar Bjornstrand
64.6%
Winter Light (1963)Gunnar Bjornstrand
64.6%
Persona (1966)Gunnar Bjornstrand
64.6%
Shame (1968)Gunnar Bjornstrand
64.6%
The Rite (1969) (TV)Gunnar Bjornstrand
64.6%
Face to Face (1976)Gunnar Bjornstrand
64.6%
It Rains on Our Love (1946)Gunnar Bjornstrand
64.6%
The Devil's Eye (1960)Gunnar Bjornstrand
64.6%
Autumn Sonata (1978)Gunnar Bjornstrand
64.6%
Fanny and Alexander (1982)Gunnar Bjornstrand
64.6%
Wild Strawberries (1957)Victor Sjostrom
60.4%
To Joy (1950)Victor Sjostrom
60.4%
Sawdust and Tinsel (1953)Anders Ek
54.2%
The Rite (1969) (TV)Anders Ek
54.2%
Cries and Whispers (1972)Anders Ek
54.2%
The Seventh Seal (1957)Anders Ek
54.2%
The Virgin Spring (1960)Gunnel Lindblom
52.1%
Winter Light (1963)Gunnel Lindblom
52.1%
The Silence (1963)Gunnel Lindblom
52.1%
Scenes from a Marriage (1973) (TV)Gunnel Lindblom
52.1%
The Seventh Seal (1957)Gunnel Lindblom
52.1%
Wild Strawberries (1957)Gunnel Lindblom
52.1%
Crisis (1946)Dagny Lind
47.9%
Crisis (1946)Stig Olin
41.7%
Woman Without a Face (1947)Stig Olin
41.7%
To Joy (1950)Stig Olin
41.7%
Hint Answer % Correct
Prison (1949)Stig Olin
41.7%
Summer Interlude (1951)Stig Olin
41.7%
Face to Face (1976)Lena Olin
37.5%
Fanny and Alexander (1982)Lena Olin
37.5%
After the Rehearsal (1984) (TV)Lena Olin
37.5%
Secrets of Women (1952)Eva Dahlbeck
33.3%
A Lesson in Love (1954)Eva Dahlbeck
33.3%
Dreams (1955)Eva Dahlbeck
33.3%
Smiles of a Summer Night (1955)Eva Dahlbeck
33.3%
Brink of Life (1958)Eva Dahlbeck
33.3%
All These Women (1964)Eva Dahlbeck
33.3%
The Seventh Seal (1957)Bengt Ekerot
29.2%
The Magician (1958)Bengt Ekerot
29.2%
Fanny and Alexander (1982)Pernilla August
29.2%
In the Presence of a Clown (1997) (TV)Pernilla August
29.2%
Summer with Monika (1953)Lars Ekborg
27.1%
All These Women (1964)Mona Malm
27.1%
Fanny and Alexander (1982)Mona Malm
27.1%
The Magician (1958)Lars Ekborg
27.1%
The Seventh Seal (1957)Nils Poppe
25%
The Devil's Eye (1960)Nils Poppe
25%
Scenes from a Marriage (1973) (TV)Jan Malmsjo
25%
The Devil's Eye (1960)Allan Edwall
25%
The Virgin Spring (1960)Allan Edwall
25%
All These Women (1964)Allan Edwall
25%
Fanny and Alexander (1982)Jan Malmsjo
25%
Winter Light (1963)Allan Edwall
25%
Crisis (1946)Inga Landgre
22.9%
The Seventh Seal (1957)Inga Landgre
22.9%
Dreams (1955)Inga Landgre
22.9%
Smiles of a Summer Night (1955)Jarl Kulle
22.9%
Brink of Life (1958)Inga Landgre
22.9%
Secrets of Women (1952)Jarl Kulle
22.9%
All These Women (1964)Jarl Kulle
22.9%
Fanny and Alexander (1982)Jarl Kulle
22.9%
In the Presence of a Clown (1997) (TV)Inga Landgre
22.9%
To Joy (1950)Maj-Britt Nilsson
20.8%
Summer Interlude (1951)Maj-Britt Nilsson
20.8%
Secrets of Women (1952)Maj-Britt Nilsson
20.8%
Cries and Whispers (1972)Kari Sylwan
20.8%
Fanny and Alexander (1982)Borje Ahlstedt
20.8%
Face to Face (1976)Kari Sylwan
20.8%
In the Presence of a Clown (1997) (TV)Borje Ahlstedt
20.8%
Saraband (2003)Borje Ahlstedt
20.8%
Woman Without a Face (1947)Gunn Wallgren
18.8%
Summer with Monika (1953)Ake Fridell
18.8%
Smiles of a Summer Night (1955)Ulla Jacobsson
18.8%
The Magician (1958)Naima Wifstrand
18.8%
The Touch (1971)Elliott Gould
18.8%
The Serpent's Egg (1977)David Carradine
18.8%
Autumn Sonata (1978)Lena Nyman
18.8%
Fanny and Alexander (1982)Gunn Wallgren
18.8%
Crisis (1946)Ulf Johansson
18.8%
It Rains on Our Love (1946)Ulf Johansson
18.8%
Smiles of a Summer Night (1955)Ake Fridell
18.8%
The Seventh Seal (1957)Ake Fridell
18.8%
Wild Strawberries (1957)Ake Fridell
18.8%
Music in Darkness (1948)Naima Wifstrand
18.8%
Thirst (1949)Naima Wifstrand
18.8%
Smiles of a Summer Night (1955)Naima Wifstrand
18.8%
Wild Strawberries (1957)Naima Wifstrand
18.8%
The Magician (1958)Ake Fridell
18.8%
Shame (1968)Ulf Johansson
18.8%
Face to Face (1976)Ulf Johansson
18.8%
Woman Without a Face (1947)Anita Bjork
16.7%
Port of Call (1948)Nine-Christine Jonsson
16.7%
Prison (1949)Hasse Ekman
16.7%
Thirst (1949)Hasse Ekman
16.7%
Secrets of Women (1952)Anita Bjork
16.7%
Sawdust and Tinsel (1953)Hasse Ekman
16.7%
The Virgin Spring (1960)Gudrun Brost
16.7%
Autumn Sonata (1978)Halvar Bjork
16.7%
Sawdust and Tinsel (1953)Gudrun Brost
16.7%
The Seventh Seal (1957)Inga Gill
16.7%
The Seventh Seal (1957)Gudrun Brost
16.7%
Wild Strawberries (1957)Maud Hansson
16.7%
The Seventh Seal (1957)Maud Hansson
16.7%
Cries and Whispers (1972)Inga Gill
16.7%
In the Presence of a Clown (1997) (TV)Anita Bjork
16.7%
Music in Darkness (1948)Mai Zetterling
14.6%
Port of Call (1948)Bengt Eklund
14.6%
To Joy (1950)John Ekman
14.6%
The Magician (1958)Birgitta Pettersson
14.6%
The Virgin Spring (1960)Birgitta Pettersson
14.6%
The Devil's Eye (1960)Stig Jarrel
14.6%
Persona (1966)Margaretha Krook
14.6%
Persona (1966)Jorgen Lindstrom
14.6%
Face to Face (1976)Kristina Adolphson
14.6%
Face to Face (1976)Sven Lindberg
14.6%
Fanny and Alexander (1982)Pernilla Allwin
14.6%
Fanny and Alexander (1982)Bertil Guve
14.6%
Fanny and Alexander (1982)Kristina Adolphson
14.6%
Thirst (1949)Bengt Eklund
14.6%
Shame (1968)Bengt Eklund
14.6%
Music in Darkness (1948)Sven Lindberg
14.6%
Dreams (1955)Sven Lindberg
14.6%
After the Rehearsal (1984) (TV)Bertil Guve
14.6%
In the Presence of a Clown (1997) (TV)Birgitta Pettersson
14.6%
The Silence (1963)Jorgen Lindstrom
14.6%
From the Life of the Marionettes (1980)Toni Berger
14.6%
Hint Answer % Correct
It Rains on Our Love (1946)Birger Malmsten
12.5%
Woman Without a Face (1947)Alf Kjellin
12.5%
A Ship Bound for India (1947)Birger Malmsten
12.5%
A Ship Bound for India (1947)Gertrud Fridh
12.5%
Music in Darkness (1948)Birger Malmsten
12.5%
Port of Call (1948)Mimi Nelson
12.5%
Prison (1949)Birger Malmsten
12.5%
Thirst (1949)Birger Malmsten
12.5%
To Joy (1950)Birger Malmsten
12.5%
This Can't Happen Here (1950)Alf Kjellin
12.5%
Summer Interlude (1951)Birger Malmsten
12.5%
Summer Interlude (1951)Alf Kjellin
12.5%
Summer Interlude (1951)Annalisa Ericson
12.5%
Secrets of Women (1952)Birger Malmsten
12.5%
Summer with Monika (1953)Dagmer Ebbesen
12.5%
The Virgin Spring (1960)Birgitta Valberg
12.5%
The Devil's Eye (1960)Gertrud Fridh
12.5%
Through a Glass Darkly (1961)Lars Passgard
12.5%
The Silence (1963)Birger Malmsten
12.5%
All These Women (1964)Gertrud Fridh
12.5%
Hour of the Wolf (1968)Gertrud Fridh
12.5%
Shame (1968)Sigge Furst
12.5%
Shame (1968)Birgitta Valberg
12.5%
The Rite (1969) (TV)Erik Hell
12.5%
The Passion of Anna (1969)Erik Hell
12.5%
Face to Face (1976)Aino Taube
12.5%
Thirst (1949)Mimi Nelson
12.5%
Summer Interlude (1951)Gunnar Olsson
12.5%
The Seventh Seal (1957)Gunnar Olsson
12.5%
Smiles of a Summer Night (1955)Birgitta Valberg
12.5%
Wild Strawberries (1957)Gertrud Fridh
12.5%
The Magician (1958)Gertrud Fridh
12.5%
The Passion of Anna (1969)Sigge Furst
12.5%
Face to Face (1976)Birger Malmsten
12.5%
The Blessed Ones (1986) (TV)Christina Schollin
12.5%
Saraband (2003)Julia Dufvenius
12.5%
Saraband (2003)Gunnel Fred
12.5%
Summer with Monika (1953)Sigge Furst
12.5%
Secrets of Women (1952)Aino Taube
12.5%
Crisis (1946)Marianne Lofgren
10.4%
It Rains on Our Love (1946)Douglas Hage
10.4%
Woman Without a Face (1947)Marianne Lofgren
10.4%
Prison (1949)Eva Henning
10.4%
Thirst (1949)Eva Henning
10.4%
Thirst (1949)Birgit Tengroth
10.4%
This Can't Happen Here (1950)Signe Hasso
10.4%
Summer with Monika (1953)Naemi Briese
10.4%
Sawdust and Tinsel (1953)Ake Gronberg
10.4%
A Lesson in Love (1954)Ake Gronberg
10.4%
Prison (1949)Marianne Lofgren
10.4%
Sawdust and Tinsel (1953)Erik Strandmark
10.4%
The Seventh Seal (1957)Erik Strandmark
10.4%
The Seventh Seal (1957)Bertil Anderberg
10.4%
Wild Strawberries (1957)Julian Kindahl
10.4%
Wild Strawberries (1957)Bjorn Bjelfvenstam
10.4%
Wild Strawberries (1957)Folke Sundquist
10.4%
Smiles of a Summer Night (1955)Julian Kindahl
10.4%
It Rains on Our Love (1946)Barbro Kollberg
8.3%
It Rains on Our Love (1946)Ludde Gentzel
8.3%
A Ship Bound for India (1947)Holger Lowenadler
8.3%
A Ship Bound for India (1947)Anna Lindahl
8.3%
Music in Darkness (1948)Rune Andreasson
8.3%
Prison (1949)Doris Svedlund
8.3%
This Can't Happen Here (1950)Ulf Palme
8.3%
This Can't Happen Here (1950)Gosta Cederlund
8.3%
Summer Interlude (1951)Georg Funkquist
8.3%
A Lesson in Love (1954)Yvonne Lombard
8.3%
Dreams (1955)Ulf Palme
8.3%
Smiles of a Summer Night (1955)Margit Carlqvist
8.3%
The Touch (1971)Sheila Reid
8.3%
The Serpent's Egg (1977)Gert Frobe
8.3%
The Serpent's Egg (1977)Heinz Bennent
8.3%
Autumn Sonata (1978)Marianne Aminoff
8.3%
From the Life of the Marionettes (1980)Heinz Bennent
8.3%
To Joy (1950)Margit Carlqvist
8.3%
Face to Face (1976)Marianne Aminoff
8.3%
Fanny and Alexander (1982)Marianne Aminoff
8.3%
After the Rehearsal (1984) (TV)Nadja Palmstjerna-Weiss
8.3%
In the Presence of a Clown (1997) (TV)Marie Richardson
8.3%
The Silence (1963)Hakan Jahnberg
8.3%
The Magician (1958)Oscar Ljung
8.3%
The Magician (1958)Axel Duberg
8.3%
The Virgin Spring (1960)Oscar Ljung
8.3%
The Virgin Spring (1960)Axel Duberg
8.3%
All These Women (1964)Karin Kavli
6.3%
Hour of the Wolf (1968)Georg Rydeberg
6.3%
The Magic Flute (1975)Josef Kostlinger
6.3%
The Magic Flute (1975)Hakan Hagegard
6.3%
The Serpent's Egg (1977)James Whitmore
6.3%
From the Life of the Marionettes (1980)Robert Atzorn
6.3%
From the Life of the Marionettes (1980)Martin Benrath
6.3%
Shame (1968)Hans Alfredson
6.3%
The Magic Flute (1975)Birgit Nordin
6.3%
The Blessed Ones (1986) (TV)Per Myrberg
6.3%
From the Life of the Marionettes (1980)Gaby Dohm
6.3%
From the Life of the Marionettes (1980)Christine Buchegger
6.3%
The Magic Flute (1975)Britt-Marie Aruhn
4.2%
The Magic Flute (1975)Birgitta Smiding
4.2%
Shame (1968)Ingvar Kjellson
4.2%
The Magic Flute (1975)Kirsten Vaupet
2.1%

You're not logged in!

Compare scores with friends on all Sporcle quizzes.
Join for Free
OR
Log In

You Might Also Like...

Show Comments

Extras

Top Quizzes Today


Score Distribution

Your Account Isn't Verified!

In order to create a playlist on Sporcle, you need to verify the email address you used during registration. Go to your Sporcle Settings to finish the process.

Report this User

Report this user for behavior that violates our Community Guidelines.

Details: